Loading...
Fine Arts - Classical Music | 6 | 11.67 | 100% | 17% | 0% |
Fine Arts - Other Fine Arts | 5 | 12.00 | 60% | 40% | 20% |
Fine Arts - Painting & Sculpture | 8 | 13.75 | 88% | 50% | 0% |
History - American History | 5 | 8.00 | 80% | 0% | 0% |
History - European History | 5 | 24.00 | 100% | 60% | 80% |
History - Other History | 2 | 15.00 | 100% | 50% | 0% |
History - World History | 6 | 11.67 | 83% | 33% | 0% |
Literature - American Literature | 6 | 10.00 | 83% | 17% | 0% |
Literature - British Literature | 5 | 10.00 | 80% | 20% | 0% |
Literature - European Literature | 2 | 25.00 | 100% | 100% | 50% |
Literature - World Literature | 5 | 8.00 | 60% | 20% | 0% |
Mythology | 6 | 5.00 | 50% | 0% | 0% |
Other | 4 | 12.50 | 100% | 25% | 0% |
Philosophy | 4 | 7.50 | 75% | 0% | 0% |
Religion | 6 | 8.33 | 67% | 17% | 0% |
Science - Biology | 5 | 14.00 | 100% | 20% | 20% |
Science - Chemistry | 3 | 20.00 | 100% | 33% | 67% |
Science - Other Science | 3 | 10.00 | 100% | 0% | 0% |
Science - Physics | 5 | 6.00 | 60% | 0% | 0% |
Social Science | 5 | 14.00 | 100% | 20% | 20% |